Countries by Continent in Alphabetical Order - Statistics

General Stats
  • This quiz has been taken 30 times
  • The average score is 82 of 196
Answers on the Map
Answers color-coded by a green-red scale on the quiz's map according to % correct below.
 
Answer Stats
Answer % Correct
Angola
86%
Algeria
79%
Benin
71%
Botswana
71%
Burkina Faso
71%
Burundi
71%
Cameroon
71%
Cape Verde
64%
Central African Republic
64%
Chad
64%
Comoros
64%
Djibouti
64%
D. R. Congo
64%
Egypt
64%
Equatorial Guinea
64%
Eritrea
64%
Eswatini
64%
Ethiopia
64%
Gabon
64%
Gambia
64%
Ghana
64%
Guinea
64%
Guinea-Bissau
64%
Ivory Coast
64%
Kenya
64%
Zambia
64%
Zimbabwe
64%
Albania
57%
Andorra
57%
Lesotho
57%
Liberia
57%
Libya
57%
Madagascar
57%
Malawi
57%
Mali
57%
Mauritania
57%
Mauritius
57%
Morocco
57%
Mozambique
57%
Namibia
57%
Niger
57%
Nigeria
57%
Rwanda
57%
Senegal
57%
Seychelles
57%
Sierra Leone
57%
Somalia
57%
South Africa
57%
South Sudan
57%
Tanzania
57%
Togo
57%
Tunisia
57%
Uganda
57%
Belarus
50%
Belgium
50%
Bosnia and Herzegovina
50%
Rep. of the Congo
50%
Afghanistan
43%
Armenia
43%
Austria
43%
Azerbaijan
43%
Bahrain
43%
Bangladesh
43%
Bhutan
43%
Brunei
43%
Bulgaria
43%
Cambodia
43%
China
43%
Croatia
43%
Cyprus
43%
Denmark
43%
East Timor
43%
Estonia
43%
France
43%
Georgia
43%
Greece
43%
India
43%
Indonesia
43%
Iran
43%
Iraq
43%
Israel
43%
Japan
43%
Jordan
43%
Kazakhstan
43%
Kuwait
43%
Kyrgyzstan
43%
Laos
43%
Lebanon
43%
Malaysia
43%
Maldives
43%
Mongolia
43%
Myanmar
43%
Nepal
43%
North Korea
43%
Oman
43%
Pakistan
43%
Philippines
43%
Qatar
43%
Saudi Arabia
43%
Singapore
43%
South Korea
43%
Sri Lanka
43%
Sudan
43%
Syria
43%
Czech Republic
36%
Finland
36%
Germany
36%
Hungary
36%
Iceland
36%
Ireland
36%
Italy
36%
Kosovo
36%
Liechtenstein
36%
São Tomé andPríncipe
36%
Taiwan
36%
Tajikistan
36%
Thailand
36%
Turkey
36%
Turkmenistan
36%
United Arab Emirates
36%
Uzbekistan
36%
Vietnam
36%
Yemen
36%
Antigua and Barbuda
29%
Argentina
29%
Australia
29%
Bahamas
29%
Barbados
29%
Belize
29%
Bolivia
29%
Brazil
29%
Canada
29%
Chile
29%
Colombia
29%
Costa Rica
29%
Cuba
29%
Dominica
29%
Dominican Republic
29%
Ecuador
29%
El Salvador
29%
Fed. States of Micronesia
29%
Fiji
29%
Grenada
29%
Guatemala
29%
Guyana
29%
Haiti
29%
Honduras
29%
Jamaica
29%
Kiribati
29%
Latvia
29%
Lithuania
29%
Luxembourg
29%
Malta
29%
Marshall Islands
29%
Mexico
29%
Moldova
29%
Monaco
29%
Montenegro
29%
Nauru
29%
Netherlands
29%
New Zealand
29%
Nicaragua
29%
Norway
29%
Palau
29%
Panama
29%
Papua New Guinea
29%
Paraguay
29%
Peru
29%
Poland
29%
Portugal
29%
Saint Kitts and Nevis
29%
Saint Lucia
29%
Saint Vincent and theGrenadines
29%
Samoa
29%
Solomon Islands
29%
Suriname
29%
Tonga
29%
Trinidad and Tobago
29%
Tuvalu
29%
United States
29%
Uruguay
29%
Vanuatu
29%
Vatican City
29%
Venezuela
29%
North Macedonia
21%
Romania
21%
San Marino
21%
Serbia
21%
Slovakia
21%
Slovenia
21%
Spain
21%
Sweden
21%
Switzerland
21%
Ukraine
21%
United Kingdom
21%
Russia
14%
No matching quizzes found
Score Distribution
Percent of People with Each Score
Percentile by Number Answered
Your Score History
You have not taken this quiz